• 首页
  • 本馆介绍
  • 公告通知
  • 最新文献
  • 馆藏检索
  • 电子资源
  • 读者导购
  • 参考咨询
  • 我的图书馆
  • 登录
  • 详细信息显示
  • 放入我的书架
  • 预约/预借图书
  • 作者相关作品
  • 分类相关作品
  • 丛书相关作品
  • 出版社相关作品

书目信息

  • 表格格式
  • 工作单格式
  • 卡片格式
题名:
嘉莉妹妹
    
 
作者: 德莱塞 , Dreiser 著 ;王艳燕 , 胡莺 译
分册:  
出版信息: 北京   北京燕山出版社  1995
页数: 380页
开本: 20cm
丛书名: 世界文学文库
单 册:
中图分类: I712.44 , I712.4
科图分类:
主题词: 长篇小说--美国--近代 , 长篇小说
电子资源:
ISBN: 7-5402-0407-9
000 00908oam2 2200301 450
001 1550140452
005 20150120135645.70
010    @a7-5402-0407-9@dCNY18.30
100    @a19991018e19991995em y0chiy0110 ea
101 1  @achi@ceng
102    @aCN@b110000
105    @ay z 000ay
200 1  @a嘉莉妹妹@9jia li mei mei@f(美)德莱塞(Theodore Dreiser)著@g王艳燕,胡莺译
210    @a北京@c北京燕山出版社@d1995@h1999重印
215    @a380页@d20cm
225 2  @a世界文学文库@e全译本
461  0 @12001 @a世界文学文库
510 1  @aSister Carrie@zeng
606 0  @a长篇小说@y美国@z近代
606 0  @a长篇小说
690    @aI712.44@v5
690    @aI712.4@v4
701  1 @c(美)@a德莱塞@9de lai sai@c(Dreiser, Theodore@f1871~1945)@4著
701  1 @aDreiser@bTheodore@4著
702  0 @a王艳燕@9wang yan yan@4译
702  0 @a胡莺@9hu ying@4译
801  0 @aCN@bTSSF@c20150120
905    @aZUCC@dI712.4@eJY112
    
    嘉莉妹妹/(美)德莱塞(Theodore Dreiser)著/王艳燕,胡莺译.-北京:北京燕山出版社,1995(1999重印)
    380页;20cm.-(世界文学文库:全译本)
    
    
    ISBN 7-5402-0407-9:CNY18.30
    
●
相关链接 在E读中查询图书 在五车中查询图书 在当当中查询图书 在豆瓣中查询图书


正题名:嘉莉妹妹     索取号:I712.4/JY112         预约/预借

序号 登录号 条形码 馆藏地/架位号 状态 备注
1 7849670   278496708   学院路分馆/ [索取号:I712.4/JY112] 在馆    
2 7849671   278496717   学院路分馆/ [索取号:I712.4/JY112] 在馆    
3 7849674   278496744   学院路分馆/ [索取号:I712.4/JY112] 在馆    
4 7849752   278497529   学院路分馆/ [索取号:I712.4/JY112] 在馆    
唐山师范学院图书馆 欢迎您!
大连网信软件有限公司© 版权所有